East Asian economies : (Record no. 1641)

000 -LEADER
fixed length control field nam a22 a 4500
003 - CONTROL NUMBER IDENTIFIER
control field AKMAL
005 - DATE AND TIME OF LATEST TRANSACTION
control field 20170511113330.0
008 - FIXED-LENGTH DATA ELEMENTS--GENERAL INFORMATION
fixed length control field 170511 1995 si 00 eng d
020 ## - INTERNATIONAL STANDARD BOOK NUMBER
International Standard Book Number 9813016973 (pbk):
Terms of availability SGD 48.00
040 ## - CATALOGING SOURCE
Original cataloging agency AKMAL
082 04 - DEWEY DECIMAL CLASSIFICATION NUMBER
Classification number 330.9 EAS
090 ## - LOCALLY ASSIGNED LC-TYPE CALL NUMBER (OCLC); LOCAL CALL NUMBER (RLIN)
Classification number (OCLC) (R) ; Classification number, CALL (RLIN) (NR) 330.9
Local cutter number (OCLC) ; Book number/undivided call number, CALL (RLIN) EAS
245 00 - TITLE STATEMENT
Title East Asian economies :
Remainder of title transformation and challenges /
Statement of responsibility, etc. edited by Toshihiko Kawagoe and Sueo Sekiguchi
260 ## - PUBLICATION, DISTRIBUTION, ETC.
Place of publication, distribution, etc. Singapore :
Name of publisher, distributor, etc. ISEAS,
Date of publication, distribution, etc. 1995
300 ## - PHYSICAL DESCRIPTION
Extent xiii, 421p. :
Other physical details ill. ;
Dimensions 23cm +
Accompanying material 1 computer laser optical disk (4 3/4 in.)
504 ## - BIBLIOGRAPHY, ETC. NOTE
Bibliography, etc. note Includes bibliographical references
650 #0 - SUBJECT ADDED ENTRY--TOPICAL TERM
Topical term or geographic name entry element East Asia
General subdivision Economic conditions
9 (RLIN) 3342
700 1# - ADDED ENTRY--PERSONAL NAME
Personal name Kawagoe, Toshihiko
9 (RLIN) 3343
700 1# - ADDED ENTRY--PERSONAL NAME
Personal name Sekiguchi, Sueo
9 (RLIN) 3344
942 ## - ADDED ENTRY ELEMENTS (KOHA)
Source of classification or shelving scheme
Koha item type Book
Holdings
Withdrawn status Lost status Source of classification or shelving scheme Damaged status Not for loan Collection code Home library Current library Shelving location Date acquired Inventory number Total Checkouts Full call number Barcode Date last seen Price effective from Koha item type
          NON-FICTION AKMAL Melaka AKMAL Melaka PINJAMAN 11.05.2017 002490   330.9 EAS 201705563 11.05.2017 11.05.2017 Book
Pusat Sumber Maklumat Dato' Haji Sarmin Md Hussin, Akademi Kastam Diraja Malaysia, Melaka
Tel: 06-2331106 | Faks: 06-2313787